Eratta navulla manthravadhini madhavikutty padanangal/ (Record no. 182063)

000 -LEADER
fixed length control field 00480nam a22001697a 4500
020 ## - INTERNATIONAL STANDARD BOOK NUMBER
ISBN 9789348573155
082 ## - DEWEY DECIMAL CLASSIFICATION NUMBER
Classification number M080 007
Item number MUS/E
100 ## - MAIN ENTRY--AUTHOR NAME
Personal name Muse Mary George
245 ## - TITLE STATEMENT
Title Eratta navulla manthravadhini madhavikutty padanangal/
Statement of responsibility, etc by Muse Mary George
250 ## - EDITION STATEMENT
Edition statement 2nd.
260 ## - PUBLICATION, DISTRIBUTION, ETC. (IMPRINT)
Place of publication Thiruvananthapuram:
Name of publisher Chintha Publishers,
Year of publication 2025.
300 ## - PHYSICAL DESCRIPTION
Number of Pages 120p.
650 ## - SUBJECT ADDED ENTRY--TOPICAL TERM
Topical Term Literature Madhavikutty Study
650 ## - SUBJECT ADDED ENTRY--TOPICAL TERM
Topical Term Literature Malayalam
650 ## - SUBJECT ADDED ENTRY--TOPICAL TERM
Topical Term Literature
942 ## - ADDED ENTRY ELEMENTS (KOHA)
Koha item type Book
Holdings
Withdrawn status Lost status Damaged status Not for loan Permanent Location Current Location Shelving location Date acquired Cost, normal purchase price Full call number Accession Number Price effective from Koha item type
        Sree Sankaracharya University of Sanskrit Sree Sankaracharya University of Sanskrit Stacks 04.06.2026 220.00 M080 007 MUS/E 109191 04.06.2026 Book